000
00333nam a2200145Ia 4500
008
230718s9999 xx 000 0 und d
041
_a
Eng.
082
_a
340
_b
MOS-P
100
_a
Mossed, Tahir
245
0
_a
Pakistan law Journal
260
_a
Pakistan
_b
ALL Pakistan legal
_c
1985
300
_a
574
650
_a
Law
999
_c
27377
_d
27377